000 01435nam a2200301Ia 4500
001 1357
003 IT-RoPAU
008 130308s9999 xx 000 0 und d
040 _aIT-RoPAU
040 _cIT-RoPAU
041 _aFRANCESE
100 _aJacques Francis
100 _gCodice Aut. SPICS: 12333
245 _aDifference et subjectivitè-Anthropologie d'un point de vue relationnel
245 _bDifference et Subjectivite'-Anthropologie D'Un point de Vue Relationnel
250 _a1a ed.
260 _aPARIS
260 _bAubier Montaigne
260 _c1982 [1° Ed.:1982 - Ed.Ling.Originale:1982]
300 _a"424 p. (prefazione: no ; testo: 424)"
500 _aDifferenza e Soggettività Antropologia da un Punto di Vista relazionale Identità Personale Genesi dell'io Personale Scoperta Identificatoria Prematurazione Pragmatica Esistenza e Realtà Teoria Dialogia del Desiderio Prima Esperienza Dello Spirito paradigma Teologico Dilemma del Se' relazione di Predilezione Predicati Personali Alterità Personale Aporia del Solipsismo Autoritratto Autobiografia Conoscenza di Se' Soggettività immaginaria Come è Possibile la Coscienza di Se' Coscienza di Se' o Comunicazione con Se Stesso Differenza e Differenziazione Discorso dell'altro Relazione
650 _aSAGGI DI COMUNICAZIONE SOCIALE
650 _eCodice materia Spics: 3807
942 _cBK
957 _71
999 _c67653
_d67653
999 _bSI
999 _g1